Sad Animals Quiz Stats

Quiz Updated Apr 13, 2013

Also try: Happy Animals!
Challenge
Share
Tweet
Score 0/25 Timer 05:00
13 Plays Today
% Correct
Sad Dog
99.8%
Sad Kitty
99.6%
Sad Panda
99.1%
Sad Lion
99%
Sad Fox
98.1%
Sad Bald Eagle
97.9%
Sad Little Bunny
97.8%
Sad Rhino
97.4%
Sad Horse
97.2%
Sad Shark
97.1%
Sad Bee
97.1%
Sad Moose
96%
Sad Duck
95.6%
% Correct
Sad Penguin
95.6%
Sad Mouse
94.7%
Sad Ostrich
94.5%
Sad Kangaroo
94.4%
Sad Toad
94.3%
Sad Snowy Owl
94.1%
Sad Anteater
92.4%
Sad Cheetah
91.2%
Really Sad Bear
90.9%
Sad Chimp
86.1%
Sad Chameleon
81.2%
Sad Baboon
78.8%

You're not logged in!

Compare scores with friends on all Sporcle quizzes.
Sign Up with Email
OR
Log In

You Might Also Like...

Show Comments

Extras

Top Quizzes Today


Score Distribution

Your Account Isn't Verified!

In order to create a playlist on Sporcle, you need to verify the email address you used during registration. Go to your Sporcle Settings to finish the process.